|
|
|
|
| LEADER |
01321nab a2200385 i 4500 |
| 001 |
publ27323 |
| 005 |
20230601144559.0 |
| 008 |
230601s2020 hu o 0|| Angol d |
| 022 |
|
|
|a 1433-7851
|
| 024 |
7 |
|
|a 10.1002/anie.201908065
|2 doi
|
| 024 |
7 |
|
|a 30925775
|2 mtmt
|
| 040 |
|
|
|a SZTE Publicatio Repozitórium
|b hun
|
| 041 |
|
|
|a Angol
|
| 100 |
1 |
|
|a Tatsuno Hideyuki
|
| 245 |
1 |
0 |
|a Hot Branching Dynamics in a Light-Harvesting Iron Carbene Complex Revealed by Ultrafast X-ray Emission Spectroscopy
|h [elektronikus dokumentum] /
|c Tatsuno Hideyuki
|
| 260 |
|
|
|c 2020
|
| 300 |
|
|
|a 364-372
|
| 490 |
0 |
|
|a ANGEWANDTE CHEMIE-INTERNATIONAL EDITION
|v 59 No. 1
|
| 650 |
|
4 |
|a Fizikai tudományok
|
| 700 |
0 |
1 |
|a Kjær Kasper S.
|e aut
|
| 700 |
0 |
1 |
|a Kunnus Kristjan
|e aut
|
| 700 |
0 |
1 |
|a Harlang Tobias C.B.
|e aut
|
| 700 |
0 |
1 |
|a Timm Cornelia
|e aut
|
| 700 |
0 |
1 |
|a Guo Meiyuan
|e aut
|
| 700 |
0 |
1 |
|a Chàbera Pavel
|e aut
|
| 700 |
0 |
1 |
|a Fredin Lisa A.
|e aut
|
| 700 |
0 |
1 |
|a Hartsock Robert W.
|e aut
|
| 700 |
0 |
1 |
|a Reinhard Marco E.
|e aut
|
| 700 |
0 |
1 |
|a Németh Zoltán
|e aut
|
| 700 |
0 |
1 |
|a Szemes Dorottya
|e aut
|
| 700 |
0 |
1 |
|a Bajnóczi Éva Gabriella
|e aut
|
| 700 |
0 |
1 |
|a Vankó György
|e aut
|
| 700 |
0 |
1 |
|a Canton Sophie Evelyne
|e aut
|
| 700 |
0 |
1 |
|a et al.
|e aut
|
| 856 |
4 |
0 |
|u http://publicatio.bibl.u-szeged.hu/27323/1/30925775.pdf
|z Dokumentum-elérés
|